Eyeview (Record no. 93624)
[ view plain ]
| 000 -LEADER | |
|---|---|
| fixed length control field | 00395nam a22001457a 4500 |
| 005 - DATE AND TIME OF LATEST TRANSACTION | |
| control field | 20150515110205.0 |
| 008 - FIXED-LENGTH DATA ELEMENTS--GENERAL INFORMATION | |
| fixed length control field | 150515b xxu||||| |||| 00| 0 eng d |
| 037 ## - SOURCE OF ACQUISITION | |
| Source of stock number/acquisition | DPL./PUB |
| 245 ## - TITLE STATEMENT | |
| Title | Eyeview |
| 260 ## - PUBLICATION, DISTRIBUTION, ETC. (IMPRINT) | |
| Place of publication, distribution, etc | New Delhi |
| Name of publisher, distributor, etc | Manohar D.Banerjee |
| 300 ## - PHYSICAL DESCRIPTION | |
| Extent | v. |
| Dimensions | 27cm |
| 310 ## - CURRENT PUBLICATION FREQUENCY | |
| Current publication frequency | Quarterly |
| 270 ## - ADDRESS | |
| Address | 286 , DDA SFS Flats,Sector 22,Pkt-I, Dwarka, |
| City | New Delhi |
| Postal code | 110077 |
| 942 ## - ADDED ENTRY ELEMENTS (KOHA) | |
| Source of classification or shelving scheme | Dewey Decimal Classification |
| Item type | Periodicals |
| Serial record | 1 |
| Call number suffix | EYE |
| Withdrawn status | Lost status | Source of classification or shelving scheme | Damaged status | Not for loan | Collection code | Home library | Current library | Date acquired | Total Checkouts | Full call number | Date last seen | Price effective from | Koha item type |
|---|---|---|---|---|---|---|---|---|---|---|---|---|---|
| Dewey Decimal Classification | Not For Loan | Non-fiction | D.B.Act.Division | D.B.Act.Division | 15/05/2015 | EYE | 15/05/2015 | 15/05/2015 | Periodicals |
